000
00333nam a22001577a 4500
003
SGT
020
_a
978-81-8424-923-1
082
_a
954
100
_a
Aganihotri,V.K
245
_a
Indian History and culture
250
_a
28th
260
_a
Allied Publishers
_c
2014
300
_a
420
650
_a
INDIAN HISTORY
942
_2
ddc
_c
BK
999
_c
8169
_d
8169